| 000 | 00956cam a2200217 a 4500 | ||
|---|---|---|---|
| 020 | _a1558746153 (hardcover) | ||
| 020 | _a1558746161 (trade paper) | ||
| 082 | 0 | 0 |
_a158.1/28/0835 _bCAN _cL-NUST, P-42 |
| 245 | 0 | 0 |
_aChicken soup for the teenage soul II : _b101 more stories of life, love, and learning / _c[compiled by] Jack Canfield, Mark Victor Hansen, Kimberly Kirberger. |
| 260 |
_aDeerfield Beach, Fla. : _bHealth Communications, _cc1998. |
||
| 300 |
_axxiii, 351 p. ; _c23 cm. |
||
| 526 |
_a0 _b0 _c0 _d158_128083500000000_CAN |
||
| 650 | 0 |
_aTeenagers _xConduct of life. _946895 |
|
| 700 | 1 |
_aCanfield, Jack, _937112 |
|
| 700 | 1 |
_aHansen, Mark Victor. _946896 |
|
| 700 | 1 |
_aKirberger, Kimberly, _946897 |
|
| 856 | 4 | 1 | _uhttp://www.loc.gov/catdir/enhancements/fy0727/98029642-s.html |
| 856 | 4 | 2 | _uhttp://www.loc.gov/catdir/enhancements/fy0727/98029642-d.html |
| 856 | 4 | 2 | _uhttp://www.loc.gov/catdir/enhancements/fy0735/98029642-b.html |
| 942 |
_2ddc _cBK |
||
| 999 |
_c550174 _d550174 |
||